000 00881nam0a2200277 4500
001 RU\NLR\bibl\401199
005 20260408193555.0
010 _a5-227-01816-2
_95000
021 _aRU
_b2003-13714
_9635
035 _a(NLR Aleph) 000395368
090 _a541574
_c541574
100 _a20030521d2002 |||y0rusy50 ca
101 1 _arus
_ceng
102 _aRU
105 _aa z |||||
200 1 _aАзбука боулинга
_eРекомендации чемпионов
_e[Пер. с англ.
_fПод общ. ред. О.В. Дрынова]
210 _aМ.
_cЦентрполиграф
_d2002
215 _a283,[1] с.
_cил.
_d22
606 _aБоулинг
_3RU\NLR\auth\661335484
_92224471
686 _aЧ515.9
702 1 _aДрынов
_bО. В.
_4340
801 0 _aRU
_bNLR
_c20030521
_gPSBO
801 1 _aRU
_bNLR
_c20030521
942 _cBOOK
980 _aNB